000 00432nam a2200181Ia 4500
008 230725s1994 xx 000 0 und d
041 _aeng
082 _a612.11
_bPIL
100 _aK.K.PILLAI
245 _aBIOCHEMISTRY AND CLINICAL PATHOLOGY
260 _aDELHI
_bC.B.S. PUBLISHERS & DISTRUTORS
_c1994
300 _a215
365 _h15
500 _aTEXT BOOK
501 _aBCP
520 _aPB
650 _aBIOCHEMISTRY
999 _c767130
_d767130